00508cam a22002051 4500001001300000003000400013005001700017008004100034010001700075035002000092040003700112042001200149050001900161100002200180245002000202260003300222300001900255500001300274999001500287af 48003882 DLC20260227110905.0890425s1944 ne 000 1 dut c aaf 48003882  a(OCoLC)19601578 aCalifornia. Univ. Libr.cCUdDLC apremarc00aPT6407.B57bA71 aBoon, Louis Paul.10aAbel Gholaerts. aBrussel,bA. Manteauc[1944] a426 p.c22 cm. aA novel. c5808d5808